00522 a2200217 4500260001500000630001200015650002600027100001800053260001300071245006400084300001100148650002400159650002400183650002600207260000900233300001000242100000700252037001200259250001500271020001800286 aMontréal aGestion aSciences appliquées aMartel, Alain bG. Morin aTechniques et applications de la recherche opérationnelle a366 p. aprise de décision acalcul économique arecherche appliquée c1979 b23 cm lFr aDe 4514 a2è éd. a2-89105-018-5